000 00839nam a22003017a 4500
001 BR8700419
003 BR-BrBNA
005 20230928092338.0
007 ta
008 230509b bl.||||| |||| 00| 0 por d
040 _aBR-BrBNA
_bpor
_cBiblioteca Nacional de Agricultura
041 _a(Por)
072 _aF01; F02
_b0945
_b/G514
090 _ 0945 BR8700419
100 1 _aAbbes, D.
110 1 _aSecretaria de Agricultura Industria e Commercio, Niteroi, RJ (Brasil). Depto. de Agricultura
_98667
245 1 _aA amoreira e sua cultura [Morus spp.]
260 3 _aRio de Janeiro, GB (Brasil):
_c1938.
300 _a16 p.
650 _aAMORA
650 _aVARIEDADE
650 _aSEMENTEIRA
650 _aREPRODUCAO VEGETAL
650 _aPODA
650 _aADUBACAO
909 _a202309
_bLucia
_c55
_dLucia Elande
942 _cBK
999 _c38479
_d38479